000 00367 a2200157 4500
001 47252
020 _a850807431X (broch.)
040 _cAnchieta - Aquarius
100 _aScliar, Moacyr
240 1 0 _a=O mistério da Casa Verde
_lpor
245 1 0 _a=O mistério da Casa Verde
300 _a85p.
362 0 _a2000
650 4 _aLiteratura brasileira
942 _cBK
999 _c47252
_d47252